Kepler's geometrical cosmology
Αποθηκεύτηκε σε:
| Κύριος συγγραφέας: | |
|---|---|
| Μορφή: | Βιβλίο |
| Γλώσσα: | English |
| Δημοσίευση: |
Chicago :
University of Chicago press,
c1988
|
| Θέματα: | |
| Ετικέτες: |
Προσθήκη ετικέτας
Δεν υπάρχουν, Καταχωρήστε ετικέτα πρώτοι!
|
MARC
| LEADER | 00000nam a2200000 i 4500 | ||
|---|---|---|---|
| 001 | 1/78194 | ||
| 008 | 990421s1988 eng d | ||
| 020 | |a 0-226-24823-2 | ||
| 035 | |l 10050090 | ||
| 040 | |a GR-MY-UA |b gre |e aacr | ||
| 041 | 0 | |a eng | |
| 082 | 0 | |a 512.1 | |
| 100 | 1 | |a Field, Judith Veronica. | |
| 245 | 1 | 0 | |a Kepler's geometrical cosmology / |c J. V. Field |
| 260 | |a Chicago : |b University of Chicago press, |c c1988 | ||
| 300 | |a xx, 243 p.; |b ill.; |c 24 cm. | ||
| 500 | |a Based on the author's thesis, University of London, 1981 | ||
| 500 | |a Includes bibliography and index | ||
| 600 | 1 | 0 | |a Kepler Johannes |d 1571-1630. |
| 650 | 0 | 0 | |a Cosmology. |
| 650 | 0 | 0 | |a Astronomy |x History. |
| 852 | |a INST |b SAMOS |e 19990421 |h 512.1 FIE |p 005300013093 |q 005300013093 |t BK |y 0 | ||
| 901 | |a BIBL-1999-1 | ||
| 909 | |a Σ |b 064051 | ||
| 922 | |a 3ΕΛΗ |b 199901 |c ΚΠΣ |d GLORY | ||